Periodismo cultural /

La crítica especializada de arte y espectáculos es una referencia fundamental tanto para la difusión de obras o eventos como para definir los márgenes del arte. Profundizamos en diferentes formas de encarar un texto cultural: la crítica, la reseña, el comentario y otros.

Guardado en:
Autor Principal: Busaniche, Gisela
Autor Corporativo: Canal Encuentro.
Formato: Deslizar
Publicado: Argentina, 2010
Series:En el Medio II - Disco 1.
Materias:
Etiquetas: Agregar Etiqueta
Sin Etiquetas, Sea el primero en etiquetar este registro!
LEADER 01142ngm a22002895g 4500
001 CEM.cems023481
008 130507s2010##################0###0#####d
005 20250408175524.0
245 1 0 |a Periodismo cultural /  |c Gisela Busaniche. 
260 |a Argentina,  |c 2010 
300 |a 29'. 
490 0 |a En el Medio II - Disco 1. 
500 |a Consultar en ventanilla. 
538 |a Soporte: DVD - Color: Si - Grabación DRD. 
590 |a Identificación anterior registrada en SIABUC: D89B. 
520 |a La crítica especializada de arte y espectáculos es una referencia fundamental tanto para la difusión de obras o eventos como para definir los márgenes del arte. Profundizamos en diferentes formas de encarar un texto cultural: la crítica, la reseña, el comentario y otros. 
100 1 |a Busaniche, Gisela 
710 2 |a Canal Encuentro. 
082 0 7 |/ BUS-2 
653 |a MEDIOS 
653 |a MEDIOS DE COMUNICACION 
653 |a PERIODISMO 
653 |a PRENSA 
653 |a CULTURA 
653 |a PERIODISMO CULTURAL 
653 |a SERIE DE TELEVISIÓN 
859 |a CEMS  |b BIB. CEMS - Depto. Recursos Didacticos  |h 070  |i BUS-2  |k DRD  |p 2124.15  |t Ej.1